000 00516nam a2200181Ia 4500
005 20250508153753.0
008 008 250505s9999 xx 000 0 eng d
037 _aBooks to be hide in OPAC
040 _aFEDL
_beng
_cFEDL
041 _aeng
_2eng
084 _a407, STR/O
_qFEDL
100 _aStrevens Peter
_9425671
245 0 _aAural aids in language teaching
260 _aLondon, UK
_bLongmans, Green and Co.
_c1958
300 _a44p.
942 _cHB
_h407, STR/O
999 _c1345364
_d1345364